1408 1898 1232 1783 1209 1409 1574 1114 1072 1858 1942 1288 1564 1732 1645 1411 1746 1161 1629 1292 1908 1686 1959 1303 1458 1961 1436 1555 1974 1650 1560 1670 1370 1285 1776 1838 1278 1165 1324 1268 1630 1181 1479 1067 1023 1069 1779 1891 1571 1147 1753 1030 1509 1267 1665 1614 1765 1362 1531 1696 1146 1138 1504 1073 1204 1421 1206 1987 1648 1547 1790 1608 1956 1799 1399 1041 1259 1470 1208 1838 1765 1368 1712 1687 1610 1672 1395 1955 1248 1837 1247 1192 1057 1268 1206 1679 1365 1944 1402 BCNSPRNW ULIB Ver.6.0+V

เปลี่ยนเป็นภาษาไทย

Change to English
 แสดงรายละเอียดบรรณานุกรม
  กลับหน้าหลัก

Brief Record : Get Marc (ISO 2709) : E-mail record : QR code < ปิดหน้าต่าง
LEADER : 00000nam 2200000uu 4500
001    13399113850
003     ULIB
008    120110s||||||||th 000 0 tha d
099    วจ.WY18.2^bป145น
100 0  ปฐมามาศ โชติบัณ
245 00 นวัตกรรมชุดหุ่นฝึกทักษะการปฏิบัติการพยาบาล/^cปฐมามาศ โชติบัณ,กิตติพร เนาว์สุวรรณ,จรูญรัตน์ รอดเนียม และ ธารินี นนทพุทธ
260    สงขลา :^bวิทยาลัยพยาบาลบรมราชชนนี สงขลา,^c2554
300    88 หน้า :^bตาราง
500    รายงานการวิจัย
650  7 หุ่นช่วยฝึก^xวิจัย
650  7 นวัตกรรม^xวิจัย
700 02 กิตติพร เนาว์สุวรรณ
700 02 จรูญรัตน์ รอดเนียม
700 02 ธารินี นนทพุทธ
710 1  วิทยาลัยพยาบาลบรมราชชนนี สงขลา
945    ^p0^l0^i030918
995    ทศพร
999 ^a ทศพร
รายการนี้ยังไม่มีแท็ก
คุณยังไม่ได้ล็อกอิน คุณสามารถมีกิจกรรมร่วมกับเว็บไซต์ได้ แต่ต้องล็อกอินก่อน ::
  ล็อกอิน

รายการสื่อสารสนเทศ

ลำดับที่ ประเภท เลขเรียก/บาร์โค้ด สถานที่ สถานะ
1. งานวิจัย
งานวิจัย
วจ.WY18.2 ป145น ฉ.1 
  Barcode: 030918
ห้องสมุดวิทยาเขตสวรรค์ประชารักษ์
►วิจัย
บนชั้น

รายการใกล้เคียง
    ผู้แต่ง [ปฐมามาศ โชติบัณ]

BibComment


ยังไม่เคยถูกคอมเมนท์

คอมเมนท์ทรัพยากรรายการนี้
  คอมเมนท์: นวัตกรรมชุดหุ่นฝึ..


 Copyright 2026. Bcnsprnw @Library